00288 a2200109 4500001000700000020000600007040001100013100003600024240005700060245005200117362000900169164466 a  cMagnum aMelchior, Jose Carlos de Araujo10aMudancas no financiamento da educacao no brasillpor10aMudancas no financiamento da educacao no brasil0 a1899